00862nam a2200229 a 450000100100000000500170001000800410002702000150006804000250008304100390010808200150014710000300016224000380019224501330023026000440036330000410040749000380044853400540048670000280054070000240056883000400059200002313520200930022018.0101126s1985 sp ab r 000 0 spa d a843458364X aDO-SdBNPbspacBNPHU17aspabeng2Código de idioma MARC. aNNNbF752g1 aFossey, Dian,d1932-1985.10aGorillas in the mist.lEspañol.10aGorilas en la niebla :b13 años viviendo entre los gorilas /cDian Fossey ; traducción de Marcela Chichilla y Manuel Crespo. aBarcelona, (España) :bSalvat,c1985. axiii, 264 p. :bil., mapas ;c19 cm.1 aBiblioteca científica salvatv2 aTítulo original inglesa:tGorillas in the mist.1 aChichilla, Marcelavtr.1 aCrespo, Manuelvtr. 0aBiblioteca científica salvat ;v2